Great Inventions & Discoveries/ (Record no. 82667)
[ view plain ]
| 000 -LEADER | |
|---|---|
| fixed length control field | 00605nam a22001937a 4500 |
| 005 - DATE AND TIME OF LATEST TRANSACTION | |
| control field | 20140221170219.0 |
| 010 ## - LCCN (DPL NO) | |
| LC control number | B-523820-823 |
| 020 ## - INTERNATIONAL STANDARD BOOK NUMBER | |
| International Standard Book Number | 9788190570459 |
| Terms of availability | 300.00 |
| 035 ## - SYSTEM CONTROL NUMBER | |
| System control number | B-523820-823 |
| 037 ## - SOURCE OF ACQUISITION | |
| Stock number | dpl |
| Source of stock number/acquisition | KKP/Ven |
| 082 ## - DEWEY DECIMAL CLASSIFICATION NUMBER | |
| Classification number | 608 |
| 100 ## - MAIN ENTRY--PERSONAL NAME | |
| Personal name | Radhika |
| 245 ## - TITLE STATEMENT | |
| Title | Great Inventions & Discoveries/ |
| Statement of responsibility, etc | by Radhika |
| 260 ## - PUBLICATION, DISTRIBUTION, ETC. (IMPRINT) | |
| Place of publication, distribution, etc | Noida |
| Name of publisher, distributor, etc | Saraswati Book Co. |
| Date of publication, distribution, etc | 2012 |
| 270 ## - ADDRESS | |
| Address | G-9, Sector-22 |
| City | Noida (U.P) |
| 300 ## - PHYSICAL DESCRIPTION | |
| Extent | 256p. |
| Other physical details | ill. |
| Dimensions | 20cm(Hb) |
| 942 ## - ADDED ENTRY ELEMENTS (KOHA) | |
| Source of classification or shelving scheme | Dewey Decimal Classification |
| Item type | Children Books |
| Classification part | 608 |
| Call number suffix | RAD |
| Withdrawn status | Lost status | Not for loan | Collection code | Home library | Current library | Date acquired | Source of acquisition | Cost, normal purchase price | Full call number | Barcode | Copy number | Cost, replacement price | Koha item type |
|---|---|---|---|---|---|---|---|---|---|---|---|---|---|
| Non-fiction | Central Library | Central Library | 21/02/2014 | KKP/BL3103/17.04/2013/203/20.03.2013/16.05.2013 | 300.00 | 608 RAD | B-523822 | 2 | 300.00 | Children Books | |||
| Non-fiction | Central Library | Central Library | 21/02/2014 | KKP/BL3103/17.04/2013/203/20.03.2013/16.05.2013 | 300.00 | 608 RAD | B-523823 | 2 | 300.00 | Children Books | |||
| Non-fiction | Mobile Library | Mobile Library | 21/02/2014 | KKP/BL3103/17.04/2013/203/20.03.2013/16.05.2013 | 300.00 | 608 RAD | B-523820 | 2 | 300.00 | Children Books | |||
| Non-fiction | Mobile Library | Mobile Library | 21/02/2014 | KKP/BL3103/17.04/2013/203/20.03.2013/16.05.2013 | 300.00 | 608 RAD | B-523821 | 2 | 300.00 | Children Books |
